Prevádzka výrobných systémov

Uložené v:
Podrobná bibliografia
Hlavný autor: Tolnay, Marián
Korporativný autor: Slovenská technická univerzita v Bratislave
Ďalší autori: Smrček, Juraj, Bachratý, Michal
Médium: Kniha
Jazyk:Slovak
Vydavateľské údaje: Bratislava Nakladateľstvo STU v Bratislave 2012
Predmet:
Tagy: Pridať tag
Žiadne tagy, Buďte prvý, kto otaguje tento záznam!

MARC

LEADER 00000nam a2200000 4500
001 0211864
005 20240223112120.7
020 |a 978-80-227-3709-8 
041 0 |a slo 
044 |a SK 
245 1 0 |a Prevádzka výrobných systémov  |c Marián Tolnay, Juraj Smrček, Michal Bachratý 
264 1 |a Bratislava  |b Nakladateľstvo STU v Bratislave  |c 2012 
300 |a 127 s. 
610 2 0 |a podnik 
610 2 0 |a výroba 
610 2 0 |a systémy výrobné 
610 2 0 |a systémy výrobné automatizované 
610 2 0 |a stroje 
610 2 0 |a údržba 
610 2 0 |a diagnostika podniková 
610 2 0 |a ochrana zdravia 
610 2 0 |a bezpečnosť práce 
100 1 |a Tolnay, Marián 
700 1 |a Smrček, Juraj 
700 1 |a Bachratý, Michal 
710 2 |a Slovenská technická univerzita v Bratislave